000 006540000a22001810004500
003 MACL
005 20160531105515.0
008 160531b xxu||||| |||| 00| 0 eng d
040 _aMACL
_cMACL
041 _aHindi
082 _a900 SIN
100 _aसिंह, राजेन्‍द्र
_956460
245 _aविश्‍व की प्राचीन सभ्‍यताऍ एवं संस्‍थाऍ
_cराजेन्‍द्र सिंह
260 _bपोइन्‍टर पब्लिशर्स
_c2003
_aराजस्‍थान
350 _a600
650 _aHistory
_960923
942 _cHIN
_k900
_2ddc
999 _c17637
_d17637